000 00635nam a2200241Ia 4500
003 OSt
005 20221007075945.0
006 a|||||r|||| 00| 0
007 ta
008 221006b |||||||| |||| 00| 0 eng d
020 _a080392030X
024 _a17,461
037 _cTextual
040 _aFLL
_cFLL
_beng
041 _2eng
_aeng
082 _aY:3, M3
100 _aZurcher Louis A.
245 0 _aSocial roles conformity conflict and creativity
260 _aNew Delhi
_bSage Publications India
_c1983
300 _a295p
_ccm.
942 _hY:3, M3
_cTEXL
_2CC
999 _c1157938
_d1157938